000 01039cam a2200289 a 4500
001 3222
003 BD-RjUL
005 20211208233709.0
008 1312 s1980 ii b 001 0 eng
035 _a(BD-RjUL)3256
040 _aDLC
_cDLC
_dDLC
_dOCoLC
_dDLC
_dBD-RjUL
_beng
041 _aeng
082 0 0 _a954
_219
_bNAR 1980
100 1 _aNarayan, Jayaprakash,
_d1902-1979.
_910190
245 1 2 _aA revolutionary's quest :
_bselected writings of Jayaprakash Narayan /
_cedited with an introduction by Bimal Prasad.
260 _aDelhi :
_bOxford University Press,
_cc1980.
300 _alxviii, 406 p. ;
_c23 cm.
500 _aIncludes index.
504 _aBibliography: p. 391-392.
651 0 _aIndia
_xPolitics and government
_y20th century.
_96441
700 1 _aPrasad, Bimal,
_d1925-
_910191
856 _uhttp://www.worldcat.org/title/revolutionarys-quest-selected-writings-of-jayaprakash-narayan/oclc/8346505&referer=brief_results
942 _2ddc
_cBK
999 _c3222
_d3222